000
00258nam a2200097Ia 4500
001
937517
005
20250826215107.0
008
250824s9999 xx 000 0 und d
245
0
_a
EŞEĞİNE TERS BİNEN BİLGE
_c
MUSTAFA ŞAHİN
260
_b
ÇINARALTI YAYINLARI
999
_c
937517
_d
937517